00708nam a2200181Ia 4500003000900000008004100009020001800050040001600068080002400084111008900108245016800197260004900365300001300414650004100427650001100468650002000479700002700499IN-BaIIA211028s9999 xx 000 0 eng d a963-372-109-1 cIIA Library a523.64(063)bCOM-II aInternational Conference on Cometary ExplorationcBudapest, Hungaryd1982 Nov. 15-19 0aCometary exploration IIbproceedings of the international conference on cometary exploration, held in Budapest, Hungary, 15-19 Nov 1982cedited by Tamas I. Gombosi aHungarybHungarian Academy of Sciencesc1982 av, 234p. aAstronomy and astrophysics thesaurus aComets aPeriodic comets aGombosi, Tamas I., ed.